Statistics for The Games Kids Play (by Picture)

Click here to take the quiz!

General Stats

  • This quiz has been taken 48 times
  • The average score is 16 of 24

Answer Stats

Answer % Correct
Hangman
98%
Hide and Seek
98%
Tag
93%
Hopscotch
86%
Tug of War
86%
Musical Chairs
84%
Tic-tac-toe
80%
Duck, Duck, Goose
77%
Rock-paper-scissors
77%
Pin the Tail on the Donkey
77%
Simon Says
75%
Bobbing for Apples
73%
Leapfrog
73%
Dodgeball
70%
Chinese Whispers
70%
Thumb War
68%
Spin the Bottle
68%
Pattycake
57%
Tetherball
48%
Cat's Cradle
41%
Four Square
41%
Red Rover
36%
Peekaboo
34%
Blind Man's Bluff
32%

Score Distribution

Percentile by Number Answered

Percent of People with Each Score

Your Score History

You have not taken this quiz